[Event "Podhale-ch 18th"]
[Site "Rabka Zdroj"]
[Date "2002.02.04"]
[Round "7"]
[White "Noga, Jozef"]
[Black "Lomonos, Wladyslaw"]
[Result "0-1"]
[WhiteElo "2114"]
[BlackElo "2100"]
[PlyCount "98"]
[EventDate "2002.02.01"]
[EventType "swiss"]
[EventRounds "9"]
[EventCountry "POL"]
[SourceTitle "EXT 2005"]
[Source "ChessBase"]
[SourceDate "2004.11.15"]
[SourceVersion "1"]
[SourceVersionDate "2004.11.15"]
[SourceQuality "1"]

1. Nf3 Nf6 2. g3 b6 3. Bg2 Bb7 4. 0-0 c5 5. c4 e6 6. d3 Be7 7. e4 d6 8. Nc3 0-0 9. Nh4 Nfd7 10. Nf3 Ne5 11. Ne1 Nbc6 12. f4 Nd7 13. Nf3 a6 14. Kh1 Rb8 15. g4 Nd4 16. Nxd4 cxd4 17. Ne2 e5 18. Ng3 b5 19. b3 bxc4 20. bxc4 Bc6 21. Nf5 Nc5 22. fxe5 dxe5 23. Ba3 Bd7 24. Rb1 Bxf5 25. Rxb8 Qxb8 26. exf5 Qb6 27. Qd2 h6 28. f6 Bxf6 29. Bxc5 Qxc5 30. Rxf6 gxf6 31. Qxh6 Qb4 32. Be4 Qe1+ 33. Kg2 Qe2+ 34. Kg3 Qe3+ 35. Qxe3 dxe3 36. c5 Rb8 37. c6 Kf8 38. Bf5 e2 39. Kf2 Rb1 40. Kxe2 Rc1 41. Be4 Ke7 42. h4 Rc2+ 43. Kf3 Rxa2 44. h5 Rc2 45. Bd5 a5 46. Kg3 Rc5 47. h6 Kf8 48. h7 Kg7 49. Bxf7 Kxh7 0-1

[Event "Podhale-ch 18th"]
[Site "Rabka Zdroj"]
[Date "2002.02.02"]
[Round "2"]
[White "Lomonos, Wladyslaw"]
[Black "Slabek, Grzegorz"]
[Result "0-1"]
[WhiteElo "2100"]
[BlackElo "2229"]
[PlyCount "118"]
[EventDate "2002.02.01"]
[EventType "swiss"]
[EventRounds "9"]
[EventCountry "POL"]
[SourceTitle "EXT 2005"]
[Source "ChessBase"]
[SourceDate "2004.11.15"]
[SourceVersion "1"]
[SourceVersionDate "2004.11.15"]
[SourceQuality "1"]

1. d4 Nf6 2. Nf3 g6 3. c4 Bg7 4. Nc3 0-0 5. e4 d6 6. Be2 c6 7. 0-0 a6 8. a4 a5 9. h3 Na6 10. Be3 Nb4 11. Qd2 Qc7 12. Rfd1 Nd7 13. Bh6 e5 14. Bxg7 Kxg7 15. Nh2 f6 16. Rac1 Rf7 17. d5 Nc5 18. Qe3 f5 19. exf5 Bxf5 20. Ng4 Bxg4 21. hxg4 Raf8 22. f3 Rf4 23. g3 R4f7 24. Ne4 Nxe4 25. Qxe4 Qb6+ 26. c5 cxd5 27. Rxd5 Qc6 28. Rxd6 Qxe4 29. fxe4 Nc6 30. Bc4 Rf3 31. Rc3 Rf2 32. Rd7+ Kh6 33. Rxb7 Rd2 34. Rd3 Rc2 35. Rc3 Rd2 36. Rd3 Re2 37. Rf3 Re1+ 38. Rf1 Rfxf1+ 39. Bxf1 Rc1 40. b3 Rxc5 41. Bc4 Nd4 42. Kg2 Kg5 43. Rxh7 Kxg4 44. Re7 Nc2 45. Kf2 Rc8 46. Rf7 Rh8 47. Be6+ Kg5 48. Ke2 Nd4+ 49. Kd3 Nxe6 50. Kc4 Rd8 51. Kb5 Nd4+ 52. Kxa5 Rb8 53. b4 Ra8+ 54. Kb6 Rxa4 55. Kc5 Kg4 56. Re7 Nf3 57. b5 Rxe4 58. b6 Re1 59. Re6 Rc1+ 0-1

[Event "Podhale-ch 16th"]
[Site "Rabka Zdroj"]
[Date "2000.02.27"]
[Round "9"]
[White "Lomonos, Wladyslaw"]
[Black "Rajski, Wojciech"]
[Result "1-0"]
[WhiteElo "2000"]
[BlackElo "2100"]
[PlyCount "67"]
[EventDate "2000.02.18"]
[EventType "swiss"]
[EventRounds "9"]
[EventCountry "POL"]
[SourceTitle "EXT 2005"]
[Source "ChessBase"]
[SourceDate "2004.11.15"]
[SourceVersion "1"]
[SourceVersionDate "2004.11.15"]
[SourceQuality "1"]

1. d4 d5 2. Nf3 Nf6 3. c4 c6 4. Nc3 e6 5. Bg5 Be7 6. e3 Ne4 7. Nxe4 dxe4 8. Bxe7 Qxe7 9. Nd2 f5 10. Qh5+ Qf7 11. Qxf7+ Kxf7 12. c5 Nd7 13. Bc4 g6 14. 0-0 Re8 15. b4 Kg7 16. Rfd1 b5 17. cxb6 axb6 18. Bb3 Ba6 19. Rac1 Rac8 20. Nc4 Bxc4 21. Rxc4 b5 22. Rc2 e5 23. Rdc1 exd4 24. exd4 Nb8 25. d5 e3 26. fxe3 Rxe3 27. Kf2 Re4 28. dxc6 Rc7 29. a3 Rd4 30. Rc3 Kf8 31. Rc5 Rd2+ 32. Ke3 Rd6 33. Bd5 Re7+ 34. Kf2 1-0

[Event "Podhale-ch 16th"]
[Site "Rabka Zdroj"]
[Date "2000.02.26"]
[Round "6"]
[White "Lomonos, Wladyslaw"]
[Black "Magierski, Mieczyslaw"]
[Result "1-0"]
[WhiteElo "2000"]
[BlackElo "2000"]
[PlyCount "55"]
[EventDate "2000.02.18"]
[EventType "swiss"]
[EventRounds "9"]
[EventCountry "POL"]
[SourceTitle "EXT 2005"]
[Source "ChessBase"]
[SourceDate "2004.11.15"]
[SourceVersion "1"]
[SourceVersionDate "2004.11.15"]
[SourceQuality "1"]

1. d4 Nf6 2. Nf3 c5 3. d5 b5 4. c4 bxc4 5. Nc3 Qa5 6. Bd2 Qb6 7. e4 Ba6 8. e5 Ng8 9. g3 f6 10. Bg2 Bb7 11. 0-0 fxe5 12. Nxe5 Nf6 13. Nxc4 Qa6 14. b3 d6 15. Re1 Nbd7 16. Bf4 Ne5 17. Nxe5 dxe5 18. Rxe5 Rd8 19. Qc2 Kf7 20. Bf1 Qb6 21. Bc4 Re8 22. Rae1 g6 23. Na4 Qa5 24. Bd2 Qd8 25. d6+ e6 26. Rxe6 Rxe6 27. Rxe6 Nd5 28. Qe4 1-0

[Event "Podhale-ch 16th"]
[Site "Rabka Zdroj"]
[Date "2000.02.19"]
[Round "3"]
[White "Czyszczon, Marian"]
[Black "Lomonos, Wladyslaw"]
[Result "1/2-1/2"]
[WhiteElo "1800"]
[BlackElo "2000"]
[PlyCount "49"]
[EventDate "2000.02.18"]
[EventType "swiss"]
[EventRounds "9"]
[EventCountry "POL"]
[SourceTitle "EXT 2005"]
[Source "ChessBase"]
[SourceDate "2004.11.15"]
[SourceVersion "1"]
[SourceVersionDate "2004.11.15"]
[SourceQuality "1"]

1. d4 Nf6 2. Nf3 e6 3. Bg5 c5 4. c3 Nc6 5. e3 d5 6. Nbd2 Be7 7. Bd3 0-0 8. 0-0 b6 9. Qa4 Bb7 10. Ne5 Qc7 11. f4 Rab8 12. Rae1 c4 13. Bb1 b5 14. Qc2 g6 15. Qd1 b4 16. e4 bxc3 17. bxc3 Nxe5 18. fxe5 Nxe4 19. Nxe4 dxe4 20. Bh6 Rfc8 21. Bxe4 Bxe4 22. Rxe4 Bf8 23. Qd2 Qe7 24. Bg5 Qa3 25. Bh6 1/2-1/2